LEADER 00881nam0-2200301---450 001 990009641360403321 005 20180528110618.0 035 $a000964136 035 $aFED01000964136 035 $a(Aleph)000964136FED01 035 $a000964136 100 $a20121030d1968----km-y0itay50------ba 101 0 $aeng 102 $aUS 105 $ay-------001yy 200 1 $aTheory and practice of foundation engineering$fLouis j. Goodman$gR. H. Karol 210 $aNew York$cCollier-Macmillan Limited$d1968 215 $aXIII, 433 p.$cill.$d23 cm 610 0 $aFondazioni 700 1$aGoodman,$bLouis J.$0141469 701 1$aKarol,$bR. H.$0517609 801 0$aIT$bUNINA$gRICA$2UNIMARC 901 $aBK 912 $a990009641360403321 952 $a15 GT M/3-17$b1303$fDINID 959 $aDINID 996 $aTheory and practice of foundation engineering$9848131 997 $aUNINA LEADER 03460nam 2200637Ia 450 001 9910139213403321 005 20250509002948.0 010 $a9786612822230 010 $a9781282822238 010 $a1282822233 010 $a9780874217230 010 $a0874217237 035 $a(CKB)2560000000015069 035 $a(EBL)713776 035 $a(OCoLC)646069067 035 $a(SSID)ssj0000423479 035 $a(PQKBManifestationID)11268771 035 $a(PQKBTitleCode)TC0000423479 035 $a(PQKBWorkID)10439677 035 $a(PQKB)11414844 035 $a(MiAaPQ)EBC3442808 035 $a(OCoLC)609293283 035 $a(MdBmJHUP)muse13357 035 $a(MiAaPQ)EBC713776 035 $a(Au-PeEL)EBL713776 035 $a(oapen)https://directory.doabooks.org/handle/20.500.12854/53952 035 $a(Perlego)2068200 035 $a(oapen)doab53952 035 $a(EXLCZ)992560000000015069 100 $a20080707d2008 uy 0 101 0 $aeng 135 $aurbn#---uuuuu 181 $ctxt$2rdacontent 182 $cc$2rdamedia 183 $acr$2rdacarrier 200 10$aMormonism's last colonizer $ethe life and times of William H. Smart /$fWilliam B. Smart 210 $aLogan, UT $cUtah State University Press$dc2008 215 $a1 online resource (358 pages) $cdigital, PDF file(Ss) 300 $aDescription based upon print version of record. 311 08$aPrint version: 9780874217223 320 $aIncludes bibliographical references and index. 327 $aGrowing up in Franklin -- Years of trial and torment -- An aborted mission -- A repentant sinner finds himself -- Putting a shoulder to the wheel -- On-the-job training in Heber Valley -- Making Indian land Mormon country -- The Vernal years -- Civilizing the reservation lands -- The fourth-and final-stake presidency -- Struggle and failure in Leota -- Hard times -- The final years. 330 $aWinner of the Evans Handcart Prize 2009. Winner of the Mormon History Assn Best Biography Award 2009. By the early twentieth century, the era of organized Mormon colonization of the West from a base in Salt Lake City was all but over. One significant region of Utah had not been colonized because it remained in Native American hands--the Uinta Basin, site of a reservation for the Northern Utes. When the federal government decided to open the reservation to white settlement, William H. Smart--a nineteenth-century Mormon traditionalist living in the twentieth century, a polygamist in an era when it was banned, a fervently moral stake president who as a youth had struggled mightily with his own sense of sinfulness, and an entrepreneurial businessman with theocratic, communal instincts--set out to ensure that the Uinta Basin also would be part of the Mormon kingdom. Included with the biography is a searchable CD containing William H. Smart's extensive journals, a monumental personal record of Mormondom and its transitional period from nineteenth-century cultural isolation into twentieth-century national integration. 606 $aLatter Day Saints$zUtah$vBiography 607 $aUtah$xHistory 615 0$aLatter Day Saints 676 $a289.3092 676 $aB 700 $aSmart$b William B$g(William Buckwalter),$f1922-2018.$0890186 801 0$bMiAaPQ 801 1$bMiAaPQ 801 2$bMiAaPQ 906 $aBOOK 912 $a9910139213403321 996 $aMormonism's Last Colonizer$94159147 997 $aUNINA LEADER 03249nam 22006135 450 001 9910908362603321 005 20251202151700.0 010 $a9783031749216$b(electronic bk.) 010 $z9783031749209 024 7 $a10.1007/978-3-031-74921-6 035 $a(MiAaPQ)EBC31784459 035 $a(Au-PeEL)EBL31784459 035 $a(CKB)36590110900041 035 $a(DE-He213)978-3-031-74921-6 035 $a(OCoLC)1475017586 035 $a(EXLCZ)9936590110900041 100 $a20241115d2024 u| 0 101 0 $aeng 135 $aurcnu|||||||| 181 $ctxt$2rdacontent 182 $cc$2rdamedia 183 $acr$2rdacarrier 200 10$aCockfighting in Britain from Antiquity to the Enlightenment /$fby Alexander Sutherland 205 $a1st ed. 2024. 210 1$aCham :$cSpringer Nature Switzerland :$cImprint: Palgrave Macmillan,$d2024. 215 $a1 online resource (278 pages) 225 0 $aHistory Series 311 08$aPrint version: Sutherland, Alexander Cockfighting in Britain from Antiquity to the Enlightenment Cham : Palgrave Macmillan,c2024 9783031749209 327 $aChapter 1. Introduction -- Chapter 2. The Cock in Antiquity: revered, venerated, deified -- Chapter 3. The Cock and the Early Church -- Chapter 4. The Cock Profaned.-Chapter 5. The Carnival Pursuits of Schoolboys -- Chapter 6. Cockfighting: ?a sport peculiar to the English? -- Chapter 7. Cockfighting: A National Pastime -- Chapter 8. Early Writers on Cockfighting -- Chapter 9. The Rules of the Game -- Chapter 10. Sod ?n? Turf: a symbiotic relationship -- Chapter 11. A Cocker?s Reckoning -- Chapter 12. ?Tyrannic Man?s Dominion? -- Chapter 13. Conclusion. 330 $aThis book looks at the relationship of the cock and cockfighting in Britain from ancient times to the early modern period, showing the societal and cultural changes that affected that relationship. It examines the evolution of the cock?s role in religion and sport and, the evolution of cockfighting as a sport, in light of the changing culture of pastimes, the historical development of humankind?s relationship with animals, and the philosophy related to animal cruelty and animal rights. Alexander Sutherland is an honorary senior teaching fellow in the School of Medicine, Medical Sciences and Nutrition at the University of Aberdeen, UK. 606 $aGreat Britain$xHistory 606 $aCivilization$xHistory 606 $aSports$xHistory 606 $aWorld history 606 $aHistory of Britain and Ireland 606 $aCultural History 606 $aSport History 606 $aWorld History, Global and Transnational History 615 0$aGreat Britain$xHistory. 615 0$aCivilization$xHistory. 615 0$aSports$xHistory. 615 0$aWorld history. 615 14$aHistory of Britain and Ireland. 615 24$aCultural History. 615 24$aSport History. 615 24$aWorld History, Global and Transnational History. 676 $a791.8 700 $aSutherland$b Alexander$0833432 801 0$bMiAaPQ 801 1$bMiAaPQ 801 2$bMiAaPQ 912 $a9910908362603321 996 $aCockfighting in Britain from Antiquity to the Enlightenment$94290971 997 $aUNINA